000 00708nam a2200265 i 4500
001 C2-0260798
003 PPAK
005 20180727230425.0
008 041031s2001 my |||| ||||| | may d
020 _a9832253330
040 _aPPAK
_beng
_cPPAK
_erda
082 0 4 _a398.2
_223
090 0 0 _a398.2
_bARI
_dK
100 0 _aA. Rizal Rahim,
_eauthor
245 1 0 _aHikayat Datuk Merpati
264 1 _aKuala Lumpur :
_bJade Green Publications ,
_c[2001]
300 _a110 pages ;
_c18 cm
336 _2rdacontent
_atext
337 _2rdamedia
_aunmediated
338 _2rdacarrier
_avolume
490 1 _aSiri hikayat marikanna
650 1 0 _aTales.
830 0 _aSiri hikayat marikanna
942 _ddc
_cB
999 _c71554
_d71554